| 000 | 01407nam a2200385 i 4500 | ||
|---|---|---|---|
| 001 | 198201 | ||
| 003 | ES-MaACL | ||
| 005 | 20260331170558.0 | ||
| 007 | ta | ||
| 008 | 260331s1973 fr ||||| |||| 001 0 fre d | ||
| 020 | _a2-7056-1102-9 | ||
| 040 |
_aES-MaACL _bspa _cES-MaACL _erda |
||
| 080 | _a512 | ||
| 100 | 1 |
_aBourbaki, Nicolás _eaut _930945 _4aut |
|
| 245 | 1 | 0 |
_aAlgèbre. _nLivre II. _nChapitre 4, _pPolynomes et fractions rationnelles. _nChapitre 5, _pCorps commutatifs / _cN. Bourbaki |
| 250 | _aTroisième édition | ||
| 264 | 1 |
_aParis : _bHermann, _c1973 |
|
| 264 | 4 | _a©1967 | |
| 300 |
_a222 páginas, 1 hoja plegable ; _c24 cm |
||
| 336 |
_2rdacontent _aTexto |
||
| 337 |
_2rdamedia _asin mediación |
||
| 338 |
_2rdacarrier _avolumen |
||
| 490 | 1 |
_aActualités scientifiques et industrielles ; _v1102 |
|
| 490 | 1 | _aÉléments de mathématique | |
| 500 | _aPrecede al título: [Fascicule] XI ; I, Les structures fondamentales de l'analyse | ||
| 500 | _aÍndices | ||
| 650 | 4 |
_2embne _99720 _aÁlgebra |
|
| 700 | 1 |
_iContenida en (obra) : _aBourbaki, Nicolas. _tÉlements de mathématique _9242753 |
|
| 830 | 0 |
_aActualités scientifiques et industrielles ; _v1102 _9181441 |
|
| 830 | 0 |
_aÉléments de mathématique _9242754 |
|
| 852 |
_aES-MaACL _cDES _jP-521 _xEncuadernación rústica |
||
| 942 |
_cMONOGRAFIA _n0 |
||
| 999 |
_c198201 _d198201 |
||